Statistics for Top 20 Most-Visited World Cities

Click here to take the quiz!

General Stats

  • This quiz has been taken 69 times
  • The average score is 15 of 20

Answer Stats

Millions of Tourists Hint City % Correct
11.93JapanTokyo
100%
13.13USANew York City
100%
17.44 FranceParis
100%
20.05ThailandBangkok
98%
19.83UKLondon
98%
15.79 UAEDubai
97%
10.70TurkeyIstanbul
97%
8.69 SpainBarcelona
97%
9.54South KoreaSeoul
95%
8.81ItalyMilan
88%
9.03ChinaHong Kong
86%
12.58MalaysiaKuala Lumpur
85%
9.18Saudi ArabiaMecca
79%
8.42JapanOsaka
77%
13. 91-Singapore
65%
9.29ThailandPhuket
48%
8.30IndonesiaBali
47%
8.78SpainPalma de Mallorca
30%
9.42TurkeyAntalya
29%
8.67ThailandPattaya
21%

Score Distribution

Percentile by Number Answered

Percent of People with Each Score

Your Score History

You have not taken this quiz